Kim Petras Charting Songs (Billboard Dance Airplay) - Statistics

General Stats
  • This quiz has been taken 5 times
  • The average score is 5 of 6
Answer Stats
Album Weeks On Peak Artist(s) Song % Correct
Feed the Beast 7 Weeks #28 Kim Petras ft. Nicki Minaj Alone
100%
Gloria 24 Weeks #1 (3 Weeks) Sam Smith & Kim Petras Unholy
100%
Non-Album Single 16 Weeks #3 David Guetta & Kim Petras When We Were Young (The Logical Song)
100%
Non-Album Single 13 Weeks #1 (1 Week) The Chainsmokers ft. Kim Petras Don't Lie
80%
Non-Album Single 20 Weeks #3 James Hype & Kim Petras Drums
80%
Non-Album Single 20 Weeks #2 Kim Petras Future Starts Now
60%
No matching quizzes found
Score Distribution
Percent of People with Each Score
Percentile by Number Answered
Your Score History
You have not taken this quiz